00376nam a2200133Ia 450000500170000000800410001702000180005808200220007610000240009824500580012226000270018030000130020765000220022020250403144744.0231217s9999 xx 000 0 und d a9788131403761 a658.564 SRE;1 R aSreedhar, G V S ed. 0aProduct and packaging design : perspectives and cases c2006bIcfaiaHyderabad axii, 208 aProduct,packaging